| 000 | 00615nam a2200229Ia 4500 | ||
|---|---|---|---|
| 003 | OSt | ||
| 005 | 20220924132429.0 | ||
| 006 | a|||||r|||| 00| 0 | ||
| 007 | ta | ||
| 008 | 220923b |||||||| |||| 00| 0 san d | ||
| 024 | _a54584 | ||
| 037 | _cTextual | ||
| 040 |
_aARTS _cARTS _bsan |
||
| 041 |
_2san _asan |
||
| 082 | _aP15:4k, 111J7.1-.3 (PD) | ||
| 100 |
_aApte Vaman Shivaram _970617 |
||
| 245 | 0 | _aPractial Sanskrit English dictionary | |
| 260 | _c1957 | ||
| 650 | _aLINGUISTICS | ||
| 942 |
_hP15:4k, 111J7.1-.3 (PD) _cTEXL _2CC |
||
| 999 |
_c430283 _d430283 |
||